| 000 | 00392nam a22001457a 4500 | ||
|---|---|---|---|
| 003 | ASAB | ||
| 005 | 20180827062638.0 | ||
| 008 | 140526t xxu||||| |||| 00| 0 eng d | ||
| 020 | _a9789383305872 | ||
| 040 | _cASAB | ||
| 100 | _9874 | ||
| 245 |
_aBiological Sciences innovations and dynamics _ceditorrs: Rajeshwar P. sinha/ Richa / Rajesh P. Rastogi |
||
| 300 | _a324 p. | ||
| 942 |
_2ddc _cBK |
||
| 999 |
_c480120 _d480120 |
||